| 000 | 00699nam a22001577a 4500 | ||
|---|---|---|---|
| 003 | OSt | ||
| 005 | 20150928182508.0 | ||
| 008 | 150928b xxu||||| |||| 00| 0 eng d | ||
| 040 | _cRUA | ||
| 082 | _aATM.Sp OUK 2003 B059 Or.1 | ||
| 100 |
_91527 _aOUK, CHY. |
||
| 245 | _aEffect of planting space on peanut yield at the royal university of agriculture, ការប្រៀបធៀបគំលាតគុម្ពលើទិន្នផលដំណាំសណ្តែកដីក្នុងលក្ខខ័ណ្ឌសាកលវិទ្យាល័យភូមិន្ទកសិកម្ម | ||
| 260 |
_aPhnom Penh _bRUA _c2003 |
||
| 300 |
_a38p. _bill. _c29cm. |
||
| 942 |
_2ddc _cATMSP |
||
| 999 |
_c1436 _d1436 |
||